000 00778nam a2200277Ia 4500
005 20250425162201.0
008 250425s9999 xx 000 0 und d
020 _a9701028422
041 _aspa
043 _amx
082 _a658.15
100 _aROSS, STEPHEN A
245 0 _aFUNDAMENTOS DE FINANZAS CORPORATIVAS
250 _a5A ED.
260 _aMéxico
_bMCGRAW-HILL INTERAMERICANA EDITORES S.A. DE C.V.
_c2004
260 _aS.L.
300 _a757
500 _aINCLUYE CD
500 _aTítulo Traducido: FUNDAMENTALS OF CORPORATE FINANCE
650 _aFINANZAS CORPORATIVAS
700 _aJAIME GOMEZ MONT
_etraductor
700 _aJORDAN, BRADFORD D.
710 _aMCGRAW-HILL INTERAMERICANA EDITORES, S.A. DE C.V.
942 _c01
010 _a54701
999 _c224026
_d224026